JIS第二水準の漢字が使用されている市町村(1995年) - Statistics

General Stats
  • This quiz has been taken 14 times
  • The average score is 8 of 23
Answer Stats
漢字 都道府県 市町村名 % Correct
宮城県 塩竈市
69%
大阪府 四條畷市
54%
奈良県 五條市
54%
福島県 檜枝岐村
46%
東京都 檜原村
46%
高知県 檮原町
46%
北海道 留辺蘂町
38%
北海道 蘂取村
38%
新潟県 頸城村
38%
青森県 鰺ヶ沢町
38%
大分県 挾間町
31%
長野県 下條村
31%
福岡県 三潴町
31%
群馬県 藪塚本町
31%
宮城県 鶯沢町
31%
北海道 北檜山町
23%
熊本県 泗水町
23%
奈良県 當麻町
23%
岡山県 上齋原村
23%
新潟県 聖籠町
23%
千葉県 印旛村
15%
大分県 本耶馬溪町
15%
長崎県 諫早市
15%
No matching quizzes found
Score Distribution
Percent of People with Each Score
Percentile by Number Answered
Your Score History
You have not taken this quiz